000 01360nam a22003017a 4500
005 20240530110433.0
008 150402s2011 ua o f 000 0 ara d
017 _a2011/4988
_bمصر . دار الكتب المصرية
020 _a9789774557715
040 _aEG-CaGPL
082 0 4 _221
_a746.5\
_bم ت
100 1 _aمورجان ، انا
245 1 2 _aالتطريز بالخرز :
_b15 تصميما لاجمل مشغولات الخرز مشروحة خطوة بخطوة ومزودة بصور توضيحية وتعليمات سهلة التنفيذ /
_cتاليف انا مورجان ؛ ترجمة قسم الترجمة بدار الفاروق للاستثمارات الثقافية
250 _aط1
260 _aالقاهرة :
_bدار الفاروق للاستثمارات الثقافية ،
_c2011 .
300 _a94 ص :
_bصور لو ؛
_c28 سم
650 0 4 _aالتطريز
650 0 4 _aتطريز المفروشات
650 0 4 _aالمنسوجات
_xتصميم
650 0 4 _aالتصميم الزخرفى
650 0 4 _aالفن الزخرفى
650 0 4 _aشغل الخرز
650 0 4 _aالزخرفة
650 0 4 _aشغل الابرة
710 2 _aقسم الترجمة بدار الفاروق للاستثمارات الثقافية
_eمترجم
942 _2ddc
_cBK
999 _c60881
_d60881